Tér, idő, jóság. Gondolatok a világtörténet szerkezetéről
Elmentve itt :
| Szerző: | |
|---|---|
| Adatforrás: | Philobibl |
| Dokumentumtípus: | Könyv |
| Nyelv: | magyar |
| Kulcsszavak: | történetfilozófia |
| Megjelent: |
Bp.
Antos ny.
1938
|
| LEADER | 00375nam a2200121 c 4500 | ||
|---|---|---|---|
| 001 | bibDOK00006539 | ||
| 005 | 20200924120239.2 | ||
| 008 | 060518s1938 hu hun | ||
| 100 | 1 | |a Teles Máté László | |
| 245 | 1 | 0 | |a Tér, idő, jóság. Gondolatok a világtörténet szerkezetéről |c Teles Máté László |
| 260 | |a Bp. |b Antos ny. |c 1938 | ||
| 300 | |a 42 p. | ||
| 695 | |a történetfilozófia | ||